[Event "297th YMCA Winter B"]
[Site "Warsaw"]
[Date "2025.01.30"]
[Round "4"]
[White "Jaroszuk, Marcin"]
[Black "Kwiecinski, Rafal"]
[Result "1/2-1/2"]
[WhiteElo "1733"]
[BlackElo "1756"]
[PlyCount "75"]
[EventDate "2025.01.09"]
[EventType "tourn"]
[EventRounds "1"]
[EventCountry "POL"]
[SourceDate "2025.01.09"]

1. Nf3 d5 2. g3 Nf6 3. Bg2 Nbd7 4. d4 b6 5. O-O Bb7 6. c4 e6 7. cxd5 exd5 8.
Nc3 Be7 9. Bf4 a6 10. Rc1 O-O 11. Ne5 Rc8 12. Qb3 Nxe5 13. dxe5 Ne4 14. Nxe4
dxe4 15. Rfd1 Qe8 16. Bh3 Bc5 17. Rxc5 bxc5 18. Qxb7 Rb8 19. Qxe4 Rb4 20. Qd5
Rxb2 21. Bg4 Kh8 22. Be3 c6 23. Qxc5 Rb5 24. Qc3 Rxe5 25. Bc5 Rg8 26. Bd7 Rxc5
27. Qxc5 Qxe2 28. Qd4 c5 29. Qd2 Qf3 30. Bh3 h6 31. Bg2 Qa3 32. Be4 Qa4 33. Bg2
Re8 34. Qd7 Re1+ 35. Bf1 Qxd1 36. Qc8+ Kh7 37. Qf5+ Kg8 38. Qc8+ $11 1/2-1/2

[Event "297th YMCA Winter B"]
[Site "Warsaw"]
[Date "2025.01.31"]
[Round "4"]
[White "Pajak, Jakub"]
[Black "Kania, Tomasz"]
[Result "1/2-1/2"]
[WhiteElo "1865"]
[BlackElo "1818"]
[PlyCount "34"]
[EventDate "2025.01.09"]
[EventType "tourn"]
[EventRounds "1"]
[EventCountry "POL"]
[SourceDate "2025.01.09"]

1. c4 e5 2. g3 c6 3. d4 Bb4+ 4. Bd2 Bxd2+ 5. Qxd2 e4 6. d5 cxd5 7. cxd5 d6 8.
Qd4 Nf6 9. Bg2 Qe7 10. Nd2 Bf5 11. e3 Nbd7 12. Ne2 O-O 13. Nc3 Nc5 14. O-O a5
15. h3 Rfe8 16. Nc4 Ra6 17. Kh2 Bd7 $11 1/2-1/2

[Event "297th YMCA Winter B"]
[Site "Warsaw"]
[Date "2025.01.31"]
[Round "4"]
[White "Pasternak-Winiarski, Adam"]
[Black "Pietrzak, Wojciech"]
[Result "1-0"]
[WhiteElo "1770"]
[BlackElo "1818"]
[PlyCount "97"]
[EventDate "2025.01.09"]
[EventType "tourn"]
[EventRounds "1"]
[EventCountry "POL"]
[SourceDate "2025.01.09"]

1. e4 e5 2. Nf3 Nc6 3. Bb5 a6 4. Ba4 Nf6 5. O-O b5 6. Bb3 Bc5 7. c3 d6 8. d4
Bb6 9. a4 Rb8 10. a5 Ba7 11. dxe5 Nxe5 12. Nxe5 dxe5 13. Qxd8+ Kxd8 14. Bg5 Ke7
15. Nd2 Be6 16. Bc2 h6 17. Bh4 g5 18. Bg3 Nd7 19. Kh1 f6 20. f3 Rhd8 21. Rfd1
Nf8 22. Nf1 Bc4 23. b3 Be2 24. Re1 Bd3 25. Ra2 Bxc2 26. Rxc2 Rd3 27. h3 Ng6 28.
Bh2 h5 29. Bg1 Bxg1 30. Kxg1 Rbd8 31. Ne3 $11 c6 32. Nf5+ Kf7 33. Nh6+ Ke6 34.
Nf5 h4 35. b4 Nf4 36. Rb1 Rd2 37. Rbb2 Rd1+ 38. Kh2 c5 39. bxc5 Nd3 40. Ra2
Nxc5 41. Ne3 R1d3 42. Nd5 Rc8 43. c4 g4 44. hxg4 h3 45. cxb5 hxg2 46. Kxg2 axb5
47. a6 Kd6 48. a7 Ra8 49. Nb6 1-0

[Event "297th YMCA Winter B"]
[Site "Warsaw"]
[Date "2025.02.07"]
[Round "5"]
[White "Pietrzak, Wojciech"]
[Black "Szewczak, Andrzej"]
[Result "1-0"]
[WhiteElo "1818"]
[BlackElo "1797"]
[PlyCount "113"]
[EventDate "2025.01.09"]
[EventType "tourn"]
[EventRounds "1"]
[EventCountry "POL"]
[SourceDate "2025.01.09"]

1. d4 f5 2. Nf3 Nf6 3. Bg5 g6 4. Bxf6 exf6 5. e3 d5 6. c4 c6 7. Qb3 Qb6 8. c5
Qc7 9. Nc3 Qf7 10. g3 Be7 11. h4 h5 12. Bd3 Nd7 13. Qc2 Nf8 14. b4 a6 15. a4
Bd7 16. O-O Ne6 17. b5 axb5 18. axb5 O-O 19. Ra2 Rxa2 20. Qxa2 Nd8 21. Rb1 g5
22. Qc2 Qh7 23. Kg2 Kg7 24. Rh1 Nf7 25. hxg5 fxg5 26. g4 h4 27. gxf5 Qh5 28.
Nh2 Nh6 29. e4 dxe4 30. Be2 h3+ 31. Kf1 Qh4 32. Qxe4 Qxe4 33. Nxe4 Nxf5 34. Nf3
g4 35. Ne5 g3 36. Kg1 Nxd4 37. Nxg3 Nxe2+ 38. Nxe2 Bc8 39. bxc6 Bxc5 40. Nd3
Ba7 41. cxb7 $11 Bg4 42. Nef4 Rd8 43. Kh2 Bf5 44. Rg1+ Kh6 45. Ne5 Bb8 46. Nf7+
Kh7 47. Nxd8 Bxf4+ 48. Rg3 Bd7 49. Kg1 Bb8 50. Re3 Kg6 51. Ne6 h2+ 52. Kh1 Bc6+
53. f3 Bg3 54. Rb3 Bb8 55. Nd4 Bd5 56. Rb5 Bc4 57. Rc5 1-0

[Event "297th YMCA Winter B"]
[Site "Warsaw"]
[Date "2025.02.06"]
[Round "5"]
[White "Kania, Tomasz"]
[Black "Pasternak-Winiarski, Adam"]
[Result "1/2-1/2"]
[WhiteElo "1818"]
[BlackElo "1770"]
[PlyCount "64"]
[EventDate "2025.01.09"]
[EventType "tourn"]
[EventRounds "1"]
[EventCountry "POL"]
[SourceDate "2025.01.09"]

1. d4 Nf6 2. c4 g6 3. g3 Bg7 4. Bg2 O-O 5. Nc3 d6 6. Nf3 c6 7. O-O Qa5 8. Bd2
Qa6 9. Qb3 e5 10. Rac1 exd4 11. Nxd4 Nfd7 12. Nf3 Nc5 13. Qb4 Be6 14. Bf4 Qxc4
15. Qxc4 Bxc4 16. Bxd6 Nbd7 17. Bxf8 Rxf8 18. Rfd1 Re8 19. Bf1 Be6 20. Nd4 Nb6
21. Nxe6 Nxe6 22. e3 Nc7 23. Rd2 Ncd5 24. Nxd5 Nxd5 25. Bc4 Nb6 26. Bb3 Bf6 27.
Rcd1 Kg7 28. Rc2 h6 29. Kg2 Re5 30. Rcd2 Re8 31. Re2 a5 32. a4 Re4 1/2-1/2

[Event "297th YMCA Winter B"]
[Site "Warsaw"]
[Date "2025.02.04"]
[Round "5"]
[White "Kwiecinski, Rafal"]
[Black "Pajak, Jakub"]
[Result "0-1"]
[WhiteElo "1756"]
[BlackElo "1865"]
[PlyCount "82"]
[EventDate "2025.01.09"]
[EventType "tourn"]
[EventRounds "1"]
[EventCountry "POL"]
[SourceDate "2025.01.09"]

1. e4 Nf6 2. Nc3 d5 3. e5 d4 4. Nce2 Ng4 5. f4 c5 6. h3 Nh6 7. Nf3 Nc6 8. Ng3
Nf5 9. Nxf5 Bxf5 10. Bb5 Qb6 11. Bxc6+ bxc6 12. O-O c4 13. Kh2 e6 14. g4 Be4
15. d3 Bd5 16. b3 h5 17. gxh5 c3 18. Ng5 f6 19. Nf3 O-O-O 20. Nh4 f5 21. Ng6
Rh7 22. a3 Qb7 23. b4 c5 24. bxc5 Bxc5 25. a4 a5 26. Ba3 Bxa3 27. Rxa3 Kd7 28.
Ra1 Rb8 29. Qe2 Ke8 30. Kg3 Rh6 31. Rfc1 Qf7 32. Rcb1 Rb2 33. Rc1 Qg8 34. Qf2
Rxh5 35. Qxd4 Qh7 36. Qxc3 Rxh3+ 37. Kf2 Rf3+ 38. Ke1 Qh1+ 39. Kd2 Qg2+ 40. Kd1
Rf1+ 41. Qe1 Bf3# 0-1

[Event "297th YMCA Winter B"]
[Site "Warsaw"]
[Date "2025.02.06"]
[Round "5"]
[White "Kasperski, Marcin"]
[Black "Jaroszuk, Marcin"]
[Result "1-0"]
[WhiteElo "1759"]
[BlackElo "1733"]
[PlyCount "107"]
[EventDate "2025.01.09"]
[EventType "tourn"]
[EventRounds "1"]
[EventCountry "POL"]
[SourceDate "2025.01.09"]

1. c4 Nf6 2. g3 e6 3. Bg2 d5 4. Nf3 Be7 5. O-O O-O 6. d3 c5 7. Na3 Nc6 8. Nc2
d4 9. Bf4 Nd7 10. Qc1 e5 11. Bd2 f5 12. e4 fxe4 13. dxe4 Qe8 14. Nfe1 Nf6 15.
Nd3 Qh5 16. Qd1 Bg4 17. f3 Bh3 18. Qe2 Bxg2 19. Qxg2 Qg6 20. a3 a5 21. a4 Ne8
22. b3 b6 23. Rae1 Bd6 24. Re2 Nc7 25. f4 Qe6 26. f5 Qd7 27. g4 Be7 28. g5 Kh8
29. Kf2 Na6 30. Ke1 Qd6 31. Kd1 Ncb4 32. Ncxb4 cxb4 33. Qg3 Rae8 34. Nxe5 Nc5
35. g6 d3 36. Rg2 Nxe4 37. Qh3 Nf6 38. Nf7+ Rxf7 39. gxf7 Rf8 40. Rf3 Rd8 41.
Qg3 Bf8 42. Qxd6 Rxd6 43. Bf4 Rd7 44. Rd2 Ne4 45. Rfxd3 Rxf7 46. Rg2 Rxf5 47.
Be3 Rf6 48. Kc2 Kg8 49. Rd7 Rf3 50. Bxb6 Rc3+ 51. Kb2 Nf6 52. Rd8 Kf7 53. Bxa5
Ne4 54. Rxf8+ 1-0

[Event "297th YMCA Winter B"]
[Site "Warsaw"]
[Date "2025.02.06"]
[Round "5"]
[White "Sucharski, Jakub"]
[Black "Malicka, Magdalena"]
[Result "0-1"]
[WhiteElo "1736"]
[BlackElo "1723"]
[PlyCount "114"]
[EventDate "2025.01.09"]
[EventType "tourn"]
[EventRounds "1"]
[EventCountry "POL"]
[SourceDate "2025.01.09"]

1. e4 e5 2. Nf3 Nc6 3. Bb5 a6 4. Ba4 d6 5. O-O Bd7 6. c3 g6 7. d4 Bg7 8. Be3
Nge7 9. Nbd2 O-O 10. d5 Nb8 11. Bxd7 Nxd7 12. Nb3 h6 13. Qc1 Kh7 14. c4 f5 15.
exf5 gxf5 16. Qc2 Kh8 17. Rad1 f4 18. Bc1 Nf6 19. Rfe1 Qd7 20. Nbd2 Qg4 21. Nd4
Rg8 22. Ne6 Bf8 23. g3 Qh3 24. Qd3 Ng4 25. Nf1 Nxh2 26. Bxf4 Nxf1 27. Nxf8
Raxf8 28. Qxf1 Qxf1+ 29. Kxf1 exf4 30. Rxe7 fxg3 31. Rd2 g2+ 32. Kg1 Rf3 33.
Re3 Rf4 34. Rg3 Rxc4 35. Kxg2 Rxg3+ 36. Kxg3 Kg7 37. Re2 Rc5 38. Re7+ Kf6 39.
Re6+ Kf5 40. Rxh6 Rxd5 41. Rh7 Rc5 42. Rh5+ Kf6 43. Rxc5 dxc5 44. Kf4 b5 45.
Ke4 c4 46. a3 a5 47. Kd4 Kf5 48. Kc5 c6 49. a4 c3 50. bxc3 bxa4 51. Kc4 Ke4 52.
f4 Kxf4 53. Kd3 Ke5 54. c4 c5 55. Kc3 Ke4 56. Kb2 Kd4 57. Ka3 Kxc4 0-1

[Event "297th YMCA Winter B"]
[Site "Warsaw"]
[Date "2025.01.24"]
[Round "5"]
[White "Szukalski, Antoni"]
[Black "Korsun, Wadym"]
[Result "0-1"]
[WhiteElo "1772"]
[BlackElo "1799"]
[PlyCount "86"]
[EventDate "2025.01.09"]
[EventType "tourn"]
[EventRounds "1"]
[EventCountry "POL"]
[SourceDate "2025.01.09"]

1. d4 Nf6 2. c4 d6 3. Nc3 g6 4. Nf3 Bg7 5. h3 Nbd7 6. e4 e5 7. dxe5 dxe5 8. Bg5
c6 9. Be2 Qc7 10. O-O O-O 11. Qc2 Re8 12. Rad1 Nf8 13. Rfe1 Ne6 14. Be3 Nh5 15.
Bf1 Bf6 16. g3 Nhg7 17. Qc1 Bd7 18. b4 Red8 19. a4 Be8 20. a5 Nd4 21. Bg2 Nge6
22. Ng5 Bd7 23. Nxe6 Bxe6 24. c5 b6 25. axb6 axb6 26. f4 bxc5 27. bxc5 Ra5 28.
Ne2 Be7 29. Nxd4 exd4 30. Bxd4 Rxd4 31. Rxd4 Bxc5 32. Red1 Qa7 33. Kh2 Bxd4 34.
Qxc6 Ra1 35. Qc2 Rxd1 36. Qxd1 Bf2 37. Qd8+ Kg7 38. e5 h5 39. Qf6+ Kg8 40. Qd8+
Kh7 41. g4 hxg4 42. hxg4 Bxg4 43. Bd5 Qe3 0-1

[Event "297th YMCA Winter B"]
[Site "Warsaw"]
[Date "2025.03.12"]
[Round "6"]
[White "Szewczak, Andrzej"]
[Black "Korsun, Wadym"]
[Result "0-1"]
[WhiteElo "1797"]
[BlackElo "1799"]
[PlyCount "68"]
[EventDate "2025.01.09"]
[EventType "tourn"]
[EventRounds "1"]
[EventCountry "POL"]
[SourceDate "2025.01.09"]

1. b4 e5 2. Bb2 f6 3. b5 d5 4. e3 Be6 5. a4 c6 6. d3 Nh6 7. c4 Be7 8. Nf3 dxc4
9. dxc4 Qxd1+ 10. Kxd1 Nd7 11. h3 Rd8 12. Nbd2 Nc5 13. bxc6 bxc6 14. Bc3 Ne4
15. Ba5 Nxf2+ 16. Ke1 Nxh1 17. Bxd8 Bxd8 18. Rb1 Ng3 19. Rb7 Nxf1 20. Kxf1 a5
21. Rxg7 Be7 22. e4 Kf8 23. Rg3 Rg8 24. Rxg8+ Bxg8 25. g4 Bb4 26. Ke2 Nf7 27.
Kd3 Nd6 28. h4 Ke7 29. g5 Bf7 30. c5 Bxc5 31. gxf6+ Kxf6 32. Ng5 Bg6 33. Ngf3
Bb4 34. Ke3 c5 0-1

[Event "297th YMCA Winter B"]
[Site "Warsaw"]
[Date "2025.02.14"]
[Round "6"]
[White "Malicka, Magdalena"]
[Black "Szukalski, Antoni"]
[Result "1-0"]
[WhiteElo "1723"]
[BlackElo "1772"]
[PlyCount "65"]
[EventDate "2025.01.09"]
[EventType "tourn"]
[EventRounds "1"]
[EventCountry "POL"]
[SourceDate "2025.01.09"]

1. e4 d6 2. d4 Nf6 3. Bd3 g6 4. Nf3 Bg7 5. O-O O-O 6. c3 Nc6 7. Re1 e5 8. h3 a6
9. Be3 h6 10. d5 Ne7 11. c4 b6 12. Nc3 Ne8 13. b4 f5 14. c5 f4 15. Bd2 bxc5 16.
bxc5 dxc5 17. Na4 Kh7 18. Bc3 c6 19. Nxe5 Bxe5 20. Bxe5 cxd5 21. exd5 Qxd5 22.
Nb6 Qc6 23. Nxa8 Qxa8 24. Be4 Bb7 25. Bxb7 Qxb7 26. Rb1 Qc6 27. Bxf4 Qf6 28.
Rb7 Rf7 29. Bg3 Ng7 30. Qe2 Ngf5 31. Be5 Qg5 32. Qc4 Rf8 33. Bd6 1-0

[Event "297th YMCA Winter B"]
[Site "Warsaw"]
[Date "2025.02.13"]
[Round "6"]
[White "Jaroszuk, Marcin"]
[Black "Sucharski, Jakub"]
[Result "0-1"]
[WhiteElo "1733"]
[BlackElo "1736"]
[PlyCount "120"]
[EventDate "2025.01.09"]
[EventType "tourn"]
[EventRounds "1"]
[EventCountry "POL"]
[SourceDate "2025.01.09"]

1. Nf3 c5 2. c4 Nc6 3. d4 cxd4 4. Nxd4 g6 5. g3 Bg7 6. Nxc6 bxc6 7. Bg2 e6 8.
O-O Ne7 9. Nc3 O-O 10. Qc2 Ba6 11. b3 d5 12. Bb2 Nf5 13. Rfd1 Qa5 14. e3 Rab8
15. Bf1 Qb4 16. Na4 dxc4 17. Bxg7 Nxg7 18. Qc3 cxb3 19. Qxb4 Rxb4 20. axb3 Bxf1
21. Kxf1 Rxb3 22. Nc5 Rb5 23. Nd7 Ra8 24. Nf6+ Kf8 25. Rd7 Ne8 26. Nxe8 Kxe8
27. Rc7 Rc5 28. Rb1 Rb5 29. Rd1 Rd5 30. Rb1 Rad8 31. Rxc6 Rd1+ 32. Rxd1 Rxd1+
33. Ke2 Rd7 34. Rc8+ Ke7 35. Rc6 Kf6 36. e4 Kg5 37. h3 Kf6 38. Ra6 Ke7 39. Ke3
Kd8 40. Kf4 h6 41. g4 Kc8 42. h4 Kb7 43. Ra3 Kb6 44. Ke5 Kb5 45. Kf6 Kb4 46.
Ra6 Kb5 47. Ra3 a5 48. Kg7 Kb4 49. Rf3 a4 50. Kxh6 a3 51. Re3 a2 52. Re1 Kb3
53. h5 gxh5 54. gxh5 Ra7 55. Kg7 f5+ 56. Kg6 fxe4 57. h6 a1=Q 58. Rxa1 Rxa1 59.
h7 Ra8 60. Kf6 Kc3 0-1

[Event "297th YMCA Winter B"]
[Site "Warsaw"]
[Date "2025.02.11"]
[Round "6"]
[White "Pajak, Jakub"]
[Black "Kasperski, Marcin"]
[Result "1-0"]
[WhiteElo "1865"]
[BlackElo "1759"]
[PlyCount "57"]
[EventDate "2025.01.09"]
[EventType "tourn"]
[EventRounds "1"]
[EventCountry "POL"]
[SourceDate "2025.01.09"]

1. e4 e6 2. d4 d5 3. Nc3 Nf6 4. Bg5 Be7 5. e5 Nfd7 6. Bxe7 Qxe7 7. f4 a6 8. Nf3
c5 9. Qd2 Nc6 10. O-O-O b5 11. dxc5 Nxc5 12. Bd3 b4 13. Ne2 O-O 14. Ned4 Nxd4
15. Nxd4 Bd7 16. g4 Bb5 17. Kb1 Bxd3 18. cxd3 Rfb8 19. Nc6 Qb7 20. Nxb8 Na4 21.
Qc2 Nc3+ 22. bxc3 Rxb8 23. Ka1 Rc8 24. Rb1 a5 25. Rhf1 Qa6 26. Rb3 Qb5 27. Rfb1
Qc5 28. Qb2 bxc3 29. Rxc3 1-0

[Event "297th YMCA Winter B"]
[Site "Warsaw"]
[Date "2025.02.13"]
[Round "6"]
[White "Pasternak-Winiarski, Adam"]
[Black "Kwiecinski, Rafal"]
[Result "0-1"]
[WhiteElo "1770"]
[BlackElo "1756"]
[PlyCount "106"]
[EventDate "2025.01.09"]
[EventType "tourn"]
[EventRounds "1"]
[EventCountry "POL"]
[SourceDate "2025.01.09"]

1. e4 c6 2. d4 d5 3. e5 Bf5 4. Be2 e6 5. Nf3 h6 6. O-O Nd7 7. Be3 Qb6 8. b3 Ne7
9. Nbd2 Bh7 10. g4 g5 11. h4 gxh4 12. Nxh4 f5 13. gxf5 Nxf5 14. Bh5+ Kd8 15.
Nxf5 Bxf5 16. c4 Ba3 17. cxd5 cxd5 18. Qe2 Qb4 19. Nb1 Rg8+ 20. Kh1 Qe7 21. f3
Qh4+ 22. Qh2 Qxh2+ 23. Kxh2 Bb2 24. Nd2 Bxa1 25. Rxa1 Rc8 26. Rg1 Rxg1 27. Kxg1
Rc1+ 28. Kf2 Rc2 29. a4 Nb8 30. Bxh6 Nc6 31. Ke3 Rc3+ 32. Kf4 Nxd4 33. Bg4 Rd3
34. Nf1 Rxb3 35. Ng3 Rb4 36. Kg5 Ke7 37. Bg7 Rxa4 38. Bf6+ Kd7 39. Nxf5 exf5
40. Bh5 Ke6 41. f4 Ra2 42. Kg6 Rg2+ 43. Bg5 Ne2 44. Kh6 Rh2 45. Kg6 d4 46. Bf3
b5 47. Bb7 Rh8 48. Bc6 Rg8+ 49. Kh7 Rb8 50. Kg6 d3 51. Bf3 b4 52. Bh5 b3 53.
Kg7 Rb7+ 0-1

[Event "297th YMCA Winter B"]
[Site "Warsaw"]
[Date "2025.02.25"]
[Round "7"]
[White "Kwiecinski, Rafal"]
[Black "Pietrzak, Wojciech"]
[Result "0-1"]
[WhiteElo "1756"]
[BlackElo "1818"]
[PlyCount "84"]
[EventDate "2025.01.09"]
[EventType "tourn"]
[EventRounds "1"]
[EventCountry "POL"]
[SourceDate "2025.01.09"]

1. e4 e5 2. Nf3 Nc6 3. Bc4 Bc5 4. O-O Nf6 5. d3 d6 6. Bg5 h6 7. Bh4 a6 8. c3
Qe7 9. Nbd2 g5 10. Bg3 h5 11. d4 Ba7 12. Nxg5 h4 13. Bxf7+ Kf8 14. Bd5 Nxd4 15.
Bxb7 Bxb7 16. cxd4 Bxd4 17. Kh1 hxg3 18. fxg3 Kg7 19. Ndf3 Be3 20. Nh4 Bc8 21.
Ngf3 Bg4 22. Qd3 Bb6 23. Rae1 Rh5 24. h3 Be6 25. Nh2 Rah8 26. Rf3 Rg5 27. Ref1
Nh5 28. Nf5+ Bxf5 29. exf5 e4 30. f6+ Nxf6 31. Qd2 Rg6 32. Rf5 e3 33. Qc3 e2
34. Re1 Qe4 35. Rf4 Qe5 36. Qb3 d5 37. Nf3 Qe3 38. Qxe3 Bxe3 39. Ra4 Ne4 40.
Kh2 Nxg3 41. Ne5 Nf1+ 42. Kh1 Rxh3+ 0-1

[Event "297th YMCA Winter B"]
[Site "Warsaw"]
[Date "2025.02.20"]
[Round "7"]
[White "Kasperski, Marcin"]
[Black "Pasternak-Winiarski, Adam"]
[Result "0-1"]
[WhiteElo "1759"]
[BlackElo "1770"]
[PlyCount "96"]
[EventDate "2025.01.09"]
[EventType "tourn"]
[EventRounds "1"]
[EventCountry "POL"]
[SourceDate "2025.01.09"]

1. e4 c5 2. f4 e6 3. Nf3 d5 4. e5 Qb6 5. Nc3 Bd7 6. a4 a6 7. d3 Nc6 8. Bd2 Rc8
9. f5 Nge7 10. fxe6 Bxe6 11. a5 Qc7 12. Be2 Ng6 13. O-O h6 14. Qe1 Ncxe5 15.
Nxe5 Qxe5 16. Bf3 Rd8 17. Qf2 Be7 18. Rae1 Qd6 19. Rxe6 Qxe6 20. Re1 Qd7 21.
Nxd5 O-O 22. Nxe7+ Nxe7 23. Qxc5 Nc6 24. Bc3 Rfe8 25. Rf1 Qe7 26. Qxe7 Rxe7 27.
Be4 Nd4 28. Rf2 f5 29. Bxd4 fxe4 30. Bb6 exd3 31. Rd2 Rf8 32. h3 dxc2 33. Rxc2
Rd7 34. b4 Rf5 35. Bc5 h5 36. g3 Rfd5 37. Rc4 Rd2 38. Re4 Rc2 39. Rd4 Rxd4 40.
Bxd4 g6 41. h4 Kf7 42. Bf2 Ke6 43. Bb6 Kf5 44. Bc5 Kg4 45. Bd6 Kf3 46. Be5 Rg2+
47. Kf1 Re2 48. Bd6 Rd2 0-1

[Event "297th YMCA Winter B"]
[Site "Warsaw"]
[Date "2025.02.25"]
[Round "7"]
[White "Sucharski, Jakub"]
[Black "Pajak, Jakub"]
[Result "1/2-1/2"]
[WhiteElo "1736"]
[BlackElo "1865"]
[PlyCount "116"]
[EventDate "2025.01.09"]
[EventType "tourn"]
[EventRounds "1"]
[EventCountry "POL"]
[SourceDate "2025.01.09"]

1. c4 e5 2. g3 Nc6 3. Bg2 f5 4. Nc3 Nf6 5. d3 Bb4 6. Bd2 O-O 7. a3 Bxc3 8. Bxc3
d6 9. Nf3 Qe8 10. Nd2 Kh8 11. e4 Qg6 12. Qe2 fxe4 13. Nxe4 Nxe4 14. Bxe4 Bf5
15. O-O Rae8 16. Rae1 Re7 17. b4 Ref7 18. f4 Bxe4 19. Qxe4 exf4 20. Qxg6 hxg6
21. Rxf4 Rxf4 22. gxf4 Rxf4 23. b5 Nd4 24. Re7 a6 25. Bxd4 Rxd4 26. Rxc7 axb5
27. cxb5 Rxd3 28. Rxb7 Rxa3 29. Rd7 Rb3 30. Rxd6 Rxb5 31. Rxg6 Kh7 32. Ra6 Rb2
33. Ra7 Kh6 34. Ra3 g5 35. h3 Kh5 36. Rc3 Kh4 37. Rd3 Kh5 38. Rc3 Kg6 39. Rf3
Ra2 40. Rf2 Ra3 41. Kg2 Kh5 42. Rf3 Ra1 43. Kg3 Rg1+ 44. Kf2 Rb1 45. Kg3 Ra1
46. Re3 Ra4 47. Rf3 Ra1 48. Re3 Rh1 49. Kg2 Rb1 50. Kg3 Rb4 51. Rf3 Ra4 52. Re3
Rh4 53. Re8 Ra4 54. Rh8+ Kg6 55. Rg8+ Kf6 56. Rf8+ Kg7 57. Rb8 Kg6 58. Rg8+ Kf5
1/2-1/2

[Event "297th YMCA Winter B"]
[Site "Warsaw"]
[Date "2025.02.20"]
[Round "7"]
[White "Szukalski, Antoni"]
[Black "Jaroszuk, Marcin"]
[Result "1/2-1/2"]
[WhiteElo "1772"]
[BlackElo "1733"]
[PlyCount "43"]
[EventDate "2025.01.09"]
[EventType "tourn"]
[EventRounds "1"]
[EventCountry "POL"]
[SourceDate "2025.01.09"]

1. d4 Nf6 2. c4 e6 3. Nc3 d5 4. Bf4 Be7 5. Nf3 O-O 6. e3 c6 7. Bd3 dxc4 8. Bxc4
b5 9. Bd3 a6 10. O-O c5 11. dxc5 Bxc5 12. Ne4 Nbd7 13. Qc2 Qb6 14. Rac1 Be7 15.
Bc7 Qa7 16. Nd6 Bb7 17. Nxb7 Qxb7 18. Bg3 Rac8 19. Qb1 g6 20. Rxc8 Rxc8 21. Rc1
Nh5 $11 22. Rxc8+ $11 1/2-1/2

[Event "297th YMCA Winter B"]
[Site "Warsaw"]
[Date "2025.02.27"]
[Round "8"]
[White "Szewczak, Andrzej"]
[Black "Malicka, Magdalena"]
[Result "0-1"]
[WhiteElo "1797"]
[BlackElo "1723"]
[PlyCount "72"]
[EventDate "2025.01.09"]
[EventType "tourn"]
[EventRounds "1"]
[EventCountry "POL"]
[SourceDate "2025.01.09"]

1. b4 c6 2. Bb2 a5 3. b5 cxb5 4. a3 Nc6 5. e3 b4 6. axb4 Nxb4 7. c4 e6 8. Nf3
Nf6 9. Be2 Be7 10. O-O O-O 11. Nc3 b6 12. Na4 Rb8 13. Nd4 Bb7 14. Nb5 d6 15.
Bc3 Ne4 16. Bxb4 axb4 17. d4 Ba8 18. f3 Nf6 19. Qb3 d5 20. c5 bxc5 21. Nxc5 Nd7
22. Na6 Rb6 23. Nxb4 Qb8 24. Ra5 Bb7 25. Rfa1 Bd8 26. Qa4 e5 27. Nc3 exd4 28.
exd4 Rh6 29. g3 Bc7 30. Bf1 Bxg3 31. hxg3 Qxg3+ 32. Bg2 Nf6 33. Qd1 Re8 34. Qf1
Ng4 35. fxg4 Qh2+ 36. Kf2 Rf6# 0-1

[Event "297th YMCA Winter B"]
[Site "Warsaw"]
[Date "2025.03.05"]
[Round "8"]
[White "Jaroszuk, Marcin"]
[Black "Korsun, Wadym"]
[Result "1/2-1/2"]
[WhiteElo "1733"]
[BlackElo "1799"]
[PlyCount "90"]
[EventDate "2025.01.09"]
[EventType "tourn"]
[EventRounds "1"]
[EventCountry "POL"]
[SourceDate "2025.01.09"]

1. d4 Nf6 2. Nf3 d6 3. g3 g6 4. Bg2 Bg7 5. O-O O-O 6. c4 c5 7. Nc3 Nc6 8. dxc5
dxc5 9. Be3 Qa5 10. Qa4 Nd7 11. Qxa5 Nxa5 12. Nd2 Bxc3 13. bxc3 Rb8 14. Bf4 e5
15. Bh6 Re8 16. Bd5 Nf6 17. Nb3 Nxd5 18. cxd5 Nxb3 19. axb3 a6 20. c4 f6 21. h4
b6 22. Kg2 a5 23. Bd2 Bd7 24. Rfc1 Kf7 25. e4 Rb7 26. Ra3 h5 27. f3 f5 28. Raa1
Bc8 29. Rf1 Kg7 30. Bc3 fxe4 31. f4 Bf5 32. fxe5 Kf7 33. e6+ Ke7 34. Be5 Rf8
35. Ra2 Bh3+ 36. Kxh3 Rxf1 37. Re2 b5 38. cxb5 Rxb5 39. Rxe4 Rd1 40. Bd6+ Kxd6
41. e7 Rb8 42. e8=Q Rxe8 43. Rxe8 Rd3 44. Rd8+ Ke7 45. Ra8 Rxd5 $11 1/2-1/2

[Event "297th YMCA Winter B"]
[Site "Warsaw"]
[Date "2025.02.12"]
[Round "8"]
[White "Pajak, Jakub"]
[Black "Szukalski, Antoni"]
[Result "1-0"]
[WhiteElo "1865"]
[BlackElo "1772"]
[PlyCount "91"]
[EventDate "2025.01.09"]
[EventType "tourn"]
[EventRounds "1"]
[EventCountry "POL"]
[SourceDate "2025.01.09"]

1. d4 Nf6 2. Nc3 e6 3. e4 d6 4. Be3 Be7 5. f3 Nbd7 6. Qd2 Nb6 7. O-O-O d5 8. h4
Bb4 9. e5 Nfd7 10. Bg5 f6 11. exf6 Nxf6 12. h5 h6 13. Bh4 Na4 14. Bb5+ Bd7 15.
Bxa4 Bxa4 16. Qe2 Bxc3 17. Qxe6+ Qe7 18. Qxe7+ Kxe7 19. bxc3 Kf7 20. Bxf6 Kxf6
21. Nh3 Rhe8 22. Nf4 c6 23. Kd2 Bb5 24. Rde1 Kf7 25. Ng6 Rxe1 26. Rxe1 Re8 27.
Ne5+ Kf8 28. Rb1 Ke7 29. a4 Ba6 30. Re1 Kd8 31. f4 Kc7 32. g4 b6 33. f5 Bc8 34.
Ke3 a5 35. Kf4 Bd7 36. Rg1 c5 37. g5 Bxa4 38. gxh6 gxh6 39. dxc5 bxc5 40. Ra1
Bxc2 41. Rxa5 Kb6 42. Ra2 Be4 43. f6 Re6 44. f7 Rf6+ 45. Ke3 Rf1 46. f8=Q 1-0

[Event "297th YMCA Winter B"]
[Site "Warsaw"]
[Date "2025.02.27"]
[Round "8"]
[White "Pasternak-Winiarski, Adam"]
[Black "Sucharski, Jakub"]
[Result "0-1"]
[WhiteElo "1770"]
[BlackElo "1736"]
[PlyCount "128"]
[EventDate "2025.01.09"]
[EventType "tourn"]
[EventRounds "1"]
[EventCountry "POL"]
[SourceDate "2025.01.09"]

1. e4 c5 2. Nf3 e6 3. d4 cxd4 4. Nxd4 Nf6 5. Nc3 Nc6 6. Ndb5 d6 7. Bf4 e5 8.
Bg5 a6 9. Na3 b5 10. Nd5 Be7 11. Bxf6 Bxf6 12. c3 O-O 13. Nc2 Bg5 14. h4 Bh6
15. g4 g6 16. g5 Bg7 17. Bh3 f5 18. exf5 Bxf5 19. Bxf5 Rxf5 20. Nce3 Rf7 21.
Qd2 a5 22. a3 b4 23. axb4 axb4 24. Rxa8 Qxa8 25. O-O bxc3 26. bxc3 e4 27. Ng4
Ne5 28. Nxe5 Bxe5 29. Re1 Qc8 30. Rxe4 Qh3 31. f4 Qg4+ 32. Kf1 Qf3+ 33. Kg1
Qxe4 34. fxe5 Qg4+ 35. Qg2 Qxg2+ 36. Kxg2 dxe5 37. c4 Kf8 38. Kg3 Ke8 39. Nf6+
Ke7 40. Kf3 Kd6 41. Ke4 Re7 42. Nd5 Re8 43. Nf6 Rc8 44. Kd3 Ke6 45. Ne4 Rd8+
46. Ke3 Rd4 47. c5 Kd5 48. Nf6+ Kxc5 49. Nxh7 Rxh4 50. Nf8 Rg4 51. Nxg6 Rxg5
52. Nh4 Rg3+ 53. Ke2 e4 54. Nf5 Rf3 55. Ne3 Kd4 56. Nc2+ Kc3 57. Ne3 Rh3 58.
Nf5 Rd3 59. Ke1 Rd2 60. Ng3 Kd3 61. Nf1 e3 62. Nxd2 exd2+ 63. Kd1 Kc3 64. Ke2
Kc2 0-1

[Event "297th YMCA Winter B"]
[Site "Warsaw"]
[Date "2025.02.28"]
[Round "8"]
[White "Pietrzak, Wojciech"]
[Black "Kasperski, Marcin"]
[Result "1-0"]
[WhiteElo "1818"]
[BlackElo "1759"]
[PlyCount "75"]
[EventDate "2025.01.09"]
[EventType "tourn"]
[EventRounds "1"]
[EventCountry "POL"]
[SourceDate "2025.01.09"]

1. e4 c5 2. Nf3 Nc6 3. d4 cxd4 4. Nxd4 Nf6 5. Nc3 d6 6. Be2 g6 7. Be3 Bg7 8. f3
O-O 9. Qd2 Nd7 10. Nd5 Re8 11. c4 Qa5 12. Qxa5 Nxa5 13. Nc7 Nb6 14. Rc1 Bd7 15.
Nxa8 Rxa8 16. b4 Nc6 17. Nxc6 bxc6 18. Kf2 Na4 19. Rc2 c5 20. b5 Rf8 21. g4 Nc3
22. Rhc1 Nxe2 23. Kxe2 Rb8 24. Rd1 a6 25. a4 axb5 26. axb5 Ra8 27. Rdd2 Be6 28.
Rd1 Ra4 29. Rb1 Bc8 30. Rb3 Kf8 31. Bc1 Be5 32. h3 Ke8 33. Ra3 Rb4 34. Bd2 Rb1
35. Rca2 Kd8 36. Ra8 Kc7 37. R2a7+ Bb7 38. Ba5+ 1-0